000 00640nam a22002057a 4500
003 OSt
005 20210215103942.0
008 210215b ||||| |||| 00| 0 eng d
020 _a9781609133658
020 _a978160913365x
040 _aPHNSL
_cPHNSL
245 _aFundamentals of nursing :
_bthe art and science of nursing care /
_cCarol R. Taylorv... [et al].
250 _a7th ed.
260 _aPhiladelphia :
_bWolters Kluwer,
_c2011.
300 _axxxi, 1673 p. :
_bill.
504 _aIncludes bibliographical references and index
650 _aNursing Process
_vNursing care
_xNursing
700 _aTaylor, Carol R.
942 _2lcc
_cBK
999 _c320
_d320